Technology watch and competitive intelligence : a new challenge in education for information (Record no. 77875)

MARC details
000 -CABECERA
campo de control de longitud fija 00632nam a2200205 a 4500
005 - FECHA Y HORA DE LA ÚLTIMA TRANSACCIÓN
campo de control 20210219153456.0
008 - ELEMENTOS DE LONGITUD FIJA--INFORMACIÓN GENERAL
campo de control de longitud fija 991125n 000 0 u
035 ## - NÚMERO DE CONTROL DEL SISTEMA
Número de control de sistema UPN01000101870
100 ## - ASIENTO PRINCIPAL--NOMBRE PERSONAL
Nombre de persona Dou, Henri
222 ## - TÍTULO CLAVE
Título clave EDUCATION FOR INFORMATION
245 ## - MENCIÓN DE TÍTULO
Título Technology watch and competitive intelligence : a new challenge in education for information
300 ## - DESCRIPCIÓN FÍSICA
Extensión 35-45
362 ## - FECHAS DE PUBLICACIÓN Y/O DESIGNACIÓN SECUENCIAL
Fecha de publicación y/o designación secuencial 11, No. 1, 1993
505 ## - NOTA DE CONTENIDO CON FORMATO PREESTABLECIDO
Nota de contenido con formato Noviembre 1993
653 0# - TERMINO DE INDIZACION - NO CONTROLADO
Término no controlado CIENTIFICOS E INFORMACION CIENTIFICA
653 0# - TERMINO DE INDIZACION - NO CONTROLADO
Término no controlado EDUCACION DE LAS CIENCIAS DE INFORMACION
653 0# - TERMINO DE INDIZACION - NO CONTROLADO
Término no controlado INFORMACION CIENTIFICA
904 ## - ELEMENTOS DE DATOS D LOCAL, LDD (RLIN)
a AC
b 039681
905 ## - TIPO DE MATERIAL
Tipo de material Articulo

No items available.